Regions of New Zealand - Statistics

General Stats
  • This quiz has been taken 28,097 times
  • The average score is 8 of 16
Answers on the Map
Answers color-coded by a green-red scale on the quiz's map according to % correct below.
 
Answer Stats
Population Region % Correct
1,570,500 Auckland
96%
496,900 Wellington
93%
168,300 Northland
53%
586,500 Canterbury
52%
215,100 Otago
51%
97,300 Southland
51%
287,100 Bay of Plenty
48%
49,900 Nelson
48%
32,700 West Coast
47%
439,200 Waikato
46%
160,100 Hawke's Bay
43%
115,800 Taranaki
41%
47,400 Gisborne
38%
45,300 Marlborough
36%
49,500 Tasman
36%
234,500 Manawatu-Wanganui
35%
No matching quizzes found
Score Distribution
Percent of People with Each Score
Percentile by Number Answered
Your Score History
You have not taken this quiz